Statistics for Guess the Taylor Swift's song with no hints #4

Click here to take the quiz!

General Stats

  • This quiz has been taken 18 times
  • The average score is 369 of 496

Answer Stats

HintAnswer% Correct
a
100%
And,
100%
and
100%
And
100%
Verse 1I
100%
me
100%
me,
100%
the
100%
be
94%
but
94%
it
94%
It
94%
My
94%
my
94%
my)
94%
no
94%
no,
94%
so
94%
So
94%
we
94%
We
94%
where
94%
you,
94%
You
94%
you
94%
don't
88%
Don't
88%
I'm
88%
in
88%
it's
88%
like
88%
Now
88%
now
88%
to
88%
what
88%
all
82%
baby,
82%
(Bad
82%
bad
82%
can
82%
go
82%
got
82%
I'd
82%
ID
82%
(ID
82%
If
82%
know
82%
mad
82%
of
82%
say
82%
that?)
82%
that
82%
that?
82%
that,
82%
time
82%
when
82%
you've
82%
about
76%
blood
76%
blood,
76%
blood)
76%
Chorus | Intro'Cause,
76%
for
76%
love)
76%
love
76%
made
76%
(Made
76%
them)
76%
them
76%
(Think
76%
think
76%
Think
76%
times
76%
was
76%
we've
76%
back,
71%
back;
71%
can't
71%
done
71%
forget,
71%
good
71%
hey...
71%
hey
71%
hey,
71%
(Hey,
71%
(Hey)
71%
(Hey;
71%
hey)
71%
just
71%
let
71%
look
71%
Pre-Chorus | Pre-chorusOh,
71%
problems
71%
really
71%
sad
71%
solve
71%
Take
71%
take
71%
use
71%
used
71%
with
71%
at
65%
BridgeBand-aids
65%
bullet
65%
cut
65%
deep
65%
fix
65%
forgive,
65%
ghosts
65%
hear
65%
holes
65%
live
65%
never
65%
Verse 2Remember
65%
(Remember
65%
remember?
65%
remember
65%
show
65%
sorry
65%
cold
59%
would
59%
hate
53%
off?
53%
overrate
53%
runs
53%
uh),
53%
(Uh,
53%
(Uh),
53%
(Uh)
53%
Yeah)
53%
facts
47%
more
47%
more,
47%
thought
47%
wound,
47%
battle
41%
critique,
41%
gotta
41%
Iraq
41%
need
41%
replace
41%
scars,
41%
These
41%
tried
41%
amnesia?
35%
Follow
35%
heart,
35%
life,
35%
loss?
35%
POV
35%
procedure,
35%
similar
35%
write
35%
ya
35%
body
29%
bruised
29%
bumped,
29%
fear
29%
money
29%
OD,
29%
OG
29%
season
29%
Still,
29%
through
29%
wait,
29%
ain't
24%
basslines
24%
beats
24%
Better
24%
brimstone,
24%
dark
24%
D.O.C.,
24%
eras
24%
fire
24%
jumpin'
24%
power
24%
quite
24%
respect
24%
sincere
24%
Stabbed
24%
TLC
24%
Uh-huh)
24%
yet,
24%
(Haha)
18%
mmm
18%

Score Distribution

Percentile by Number Answered

Percent of People with Each Score

Your Score History

You have not taken this quiz